Noem de Nederlandse en de Duitse Hanze steden - Statistieken

Algemene statistieken
  • Deze quiz is 6 keer genomen
  • De gemiddelde score is 9 van 46
Antwoordstatistieken
Hint Antwoord % Correct
D Hamburg
100%
Deventer
83%
Groningen
83%
Kampen
83%
NL Arnhem
67%
Bremen
67%
Nijmegen
67%
Zwolle
67%
Lübeck
50%
Rostock
50%
Elburg
33%
Lüneburg
33%
Zutphen
33%
Harderwijk
17%
Hattem
17%
Stralsund
17%
Wismar
17%
Anklam
0%
Attendorn
0%
Bolsward
0%
Breckerfeld
0%
Buxtehude
0%
Demmin
0%
Rijssen
0%
Doesburg
0%
Gardelegen
0%
Greifswald
0%
Hasselt
0%
Havelberg
0%
Herford
0%
Korbach
0%
Maasbommel
0%
Medebach
0%
Oldenzaal
0%
Osterburg
0%
Salzwedel
0%
Seehausen
0%
Stade
0%
Stavoren
0%
Stendal
0%
Tiel
0%
Uelzen
0%
Warburg
0%
Werben
0%
Wipperfürth
0%
Zaltbommel
0%
Geen overeenkomende quizzen gevonden
Scoreverdeling
Procent van Mensen met Elke Score
Percentiel versus Aantal Correcte Antwoorden
Uw Scoregeschiedenis
U heeft deze quiz nog niet genomen